Cities on Random European Rivers on a Map - Statistics

General Stats
  • This quiz has been taken 1,004 times
  • The average score is 12 of 20
Answers on the Map
Answers color-coded by a green-red scale on the quiz's map according to % correct below.
 
Answer Stats
Group City % Correct
r1 London
100%
r2 Rome
100%
r1 Paris
98%
r4 Lisbon
97%
r3 Rotterdam
97%
r4 Berlin
96%
r4 Warsaw
96%
r1 Vienna
95%
r3 Frankfurt
94%
r3 Bordeaux
93%
r2 Hamburg
93%
r3 Cologne
92%
r1 Budapest
91%
r4 Gdańsk
91%
r4 Zagreb
90%
r2 Kiev
87%
r1 Belgrade
86%
r4 Belgrade
86%
r3 Düsseldorf
86%
r4 Lyon
86%
r2 Prague
86%
r3 Strasbourg
85%
r4 Ljubljana
84%
r1 Bratislava
83%
r4 Kraków
83%
r4 Geneva
82%
r3 Toulouse
81%
Group 3 Basel
78%
r2 Dresden
75%
r3 Bonn
74%
r3 Volgograd
74%
r2 Bremen
71%
r2 Nantes
71%
r3 Utrecht
67%
r1 Essen
66%
r3 Wrocław
63%
r1 Dortmund
62%
r3 Mannheim
62%
r1 Linz
57%
r3 Duisburg
52%
r3 Nizhny Novgorod
52%
r1 Oxford
52%
r2 Dnipro
51%
r3 Kazan
51%
r3 Ostrava
50%
r3 Szczecin
50%
r4 Potsdam
48%
r1 Le Havre
47%
r3 Karlsruhe
45%
r1 Duisburg
44%
r4 Lausanne
44%
r1 Novi Sad
44%
r2 Orléans
43%
r2 Bremerhaven
41%
r2 Tours
39%
r3 Wiesbaden
37%
r4 Avignon
35%
r1 Rouen
35%
r4 Brandenburg
34%
Group 1 Ulm
34%
r2 Angers
33%
r1 Regensburg
33%
r1 Bochum
31%
r1 Győr
31%
r2 Magdeburg
30%
r4 Toledo
29%
r2 Zaporizhia
28%
r1 Ingolstadt
27%
r2 Perugia
26%
r4 Bydgoszcz
25%
r2 Ostia
25%
Group 4 Cottbus
20%
r4 Arles
17%
r1 Galați
17%
r2 Kassel
16%
r4 Brčko
15%
r4 Kranj
15%
Group 2 Budějovice / Budweis
6%
r2 Dessau
4%
r2 Wittenberg
4%
No matching quizzes found
Score Distribution
Percent of People with Each Score
Percentile by Number Answered
Your Score History
You have not taken this quiz